Catálogo de colegiales del Colegio Mayor de Santiago el Cebedeo, del Arzobispo de Salamanca / (Record no. 63448)

MARC details
000 -LEADER
campo de control de longitud fija 00864nam a2200217 i 4500
001 - NÚMERO DE CONTROL
campo de control 63448
003 - IDENTIFICADOR DE NÚMERO DE CONTROL
campo de control ES-MaACL
005 - FECHA Y HORA DE LA ÚLTIMA TRANSACCIÓN
campo de control 20250707074011.0
007 - CAMPO FIJO DE DESCRIPCIÓN FÍSICA--INFORMACIÓN GENERAL
campo de control de longitud fija t|
008 - DATOS DE LONGITUD FIJA--INFORMACIÓN GENERAL
campo de control de longitud fija 031210s1956 sp ||||1| spa d
100 1# - ENTRADA PRINCIPAL--NOMBRE DE PERSONA
Nombre de persona Ferrer Ezquerra, Luis.
9 (RLIN) 50461
245 10 - MENCIÓN DEL TÍTULO
Título Catálogo de colegiales del Colegio Mayor de Santiago el Cebedeo, del Arzobispo de Salamanca /
Mención de responsabilidad, etc. Luis Ferrer Ezquerra, Higinio Misol García.
260 ## - PUBLICACIÓN, DISTRIBUCIÓN, ETC.
Lugar de publicación, distribución, etc. Salamanca :
Nombre del editor, distribuidor, etc. Universidad de Salamanca,
Fecha de publicación, distribución, etc. 1956 (
Lugar de fabricación/manufactura Madrid :
Fabricante Yagües)
300 ## - DESCRIPCIÓN FÍSICA
Extensión 245 p. ;
Dimensiones 24 cm.
490 1# - MENCIÓN DE SERIE
Mención de serie Acta Salmanticensia. Historia de la Universidad ;
Designación de volumen o secuencia 1, n.3
610 24 - PUNTO DE ACCESO ADICIONAL DE MATERIA--NOMBRE DE ENTIDAD CORPORATIVA
Nombre de entidad corporativa o nombre de jurisdicción como elemento de entrada Colegio Arzobispo Fonseca (Salamanca)
9 (RLIN) 157572
700 1# - ENTRADA AGREGADA--NOMBRE PERSONAL
Nombre de persona Misol García, Higinio.
9 (RLIN) 81654
830 00 - PUNTO DE ACCESO ADICIONAL DE SERIE-TÍTULO UNIFORME
Título uniforme Acta Salmanticensia. Historia de la Universidad
Designación de volumen o secuencia 1, n.3
9 (RLIN) 178181
852 ## - LOCALIZACIÓN
Ubicación ES-MaACL
Número de control de estantería C-12926
Sublocalización o colección R.40707
Holdings
Estatus retirado Estado de pérdida Estado de daño No para préstamo Biblioteca de origen Biblioteca actual Ubicación en estantería Fecha de adquisición Fuente de adquisición Total de préstamos Signatura topográfica completa Código de barras Visto por última vez Precio de reemplazo Tipo de ítem Koha
        Biblioteca del Ateneo de Madrid Biblioteca del Ateneo de Madrid Sala Palomar 17/01/2008     C-12926 1066504 23/02/2023 23/02/2023 Libro impreso